000 00806nam a2200193 i 4500
001 24329
003 ES-MaACL
005 20230906153028.0
007 t|
008 021217s1919 sp ||||1| spa d
100 1 _aAntolín Becerro, Manuel.
_921920
245 1 0 _aCentro del Ejército y de la Armada
_b: biblioteca-memoria correspondiente al año 1918... y suplemento al catálogo general de 1917 /
_cManuel Antolín Becerro.
260 _aMadrid :
_b[s.n.],
_c1919.
300 _a51 p. ;
_c27 cm.
610 2 4 _aCentro del Ejército y de la Armada (Madrid).
_bBiblioteca-
_vCatálogos.
_9162030
610 2 4 _aCentro del Ejército y de la Armada (Madrid).
_bBiblioteca-
_vMemorias.
_9162029
710 2 _aCentro del Ejército y de la Armada (Madrid).
_bBiblioteca.
_9162025
852 _aES-MaACL
_j1501-F-23
999 _c24329
_d24329